[Event "Mecklenburg VP-ch U16"]
[Site "Malchow"]
[Date "2019.02.06"]
[Round "7.7"]
[White "Pfennigschmidt, Lennart Ivo"]
[Black "Lange, Antonius"]
[Result "0-1"]
[WhiteElo "1275"]
[BlackElo "1367"]
[PlyCount "116"]
[EventDate "2019.02.02"]
[EventType "swiss"]
[EventRounds "7"]
[EventCountry "GER"]
[SourceTitle "EXT 2022"]
[Source "ChessBase"]
[SourceDate "2021.10.06"]
[SourceVersion "1"]
[SourceVersionDate "2021.10.06"]
[SourceQuality "1"]

1. e4 e5 2. Nf3 Nc6 3. Bc4 Be7 4. 0-0 Nf6 5. Nc3 0-0 6. d4 exd4 7. Nxd4 d6 8. f4 Bg4 9. Nf3 Be6 10. Bd3 Ne8 11. f5 Bd7 12. g4 Ne5 13. h3 Bc6 14. Kh1 Nxf3 15. Qxf3 h6 16. Bc4 Bh4 17. b4 a6 18. b5 Bxb5 19. Nxb5 axb5 20. Bxb5 Bf6 21. c3 c6 22. Bc4 Nc7 23. Rd1 Ra5 24. Bf4 Be5 25. Bxe5 Rxe5 26. a4 Rfe8 27. Rab1 Rxe4 28. Rd4 Re1+ 29. Rxe1 Rxe1+ 30. Kg2 d5 31. Be2 Qe7 32. Kf2 Ra1 33. Rf4 Qe5 34. Qe3 Qxe3+ 35. Kxe3 Rb1 36. c4 f6 37. Kd4 dxc4 38. Bxc4+ Kf8 39. Kc5 Ke7 40. Re4+ Kd8 41. Rd4+ Kc8 42. Kd6 Re1 43. Be6+ Nxe6 44. fxe6 Kd8 45. Rb4 Rd1+ 46. Kc5 Ke7 47. Re4 Rd5+ 48. Kc4 Re5 49. Kd3 Rxe4 50. Kxe4 Kd6 51. Kd4 Kxe6 52. Kc5 Kd7 53. Kb6 Kc8 54. a5 g6 55. Kc5 Kc7 56. Kd4 Kd6 57. h4 f5 58. g5 h5 0-1

[Event "Mecklenburg VP-ch U16"]
[Site "Malchow"]
[Date "2019.02.03"]
[Round "2.10"]
[White "Lange, Antonius"]
[Black "Camen, Lisette"]
[Result "1-0"]
[WhiteElo "1367"]
[BlackElo "1242"]
[PlyCount "139"]
[EventDate "2019.02.02"]
[EventType "swiss"]
[EventRounds "7"]
[EventCountry "GER"]
[SourceTitle "EXT 2022"]
[Source "ChessBase"]
[SourceDate "2021.10.06"]
[SourceVersion "1"]
[SourceVersionDate "2021.10.06"]
[SourceQuality "1"]

1. e4 c5 2. c3 Nc6 3. Nf3 d6 4. d4 cxd4 5. cxd4 Bg4 6. Be3 a6 7. Bc4 Nf6 8. Nc3 g6 9. h3 Bxf3 10. gxf3 Bg7 11. Qd2 0-0 12. 0-0-0 Qc7 13. Bh6 Na5 14. Bd3 Rac8 15. Rhg1 e5 16. d5 b5 17. Kb1 Qb6 18. Be3 Qc7 19. f4 exf4 20. Bxf4 Nh5 21. Rc1 Nxf4 22. Qxf4 Qb6 23. h4 Nc4 24. Bxc4 Rxc4 25. h5 a5 26. Ne2 Be5 27. Qh4 a4 28. f4 Rxe4 29. hxg6 fxg6 30. Qg4 Bxf4 31. Nxf4 Rexf4 32. Qe6+ R4f7 33. Rgf1 Qb7 34. Rxf7 Rxf7 35. Qxd6 Qd7 36. Qc5 Rf5 37. Rd1 h5 38. Qd4 Kh7 39. d6 Rf8 40. Rc1 Rd8 41. Rc7 Qxc7 42. dxc7 Rxd4 43. c8Q Rc4 44. Qb7+ Kh6 45. Qxb5 Rg4 46. Qe5 h4 47. b3 axb3 48. axb3 Rg1+ 49. Kb2 Rg2+ 50. Ka3 g5 51. b4 Kh5 52. b5 h3 53. Qh8+ Kg4 54. Qc8+ Kg3 55. Qc3+ Kf2 56. Qxh3 Rg3+ 57. Qxg3+ Kxg3 58. b6 Kh2 59. b7 g4 60. b8Q+ g3 61. Kb3 Kh3 62. Qh8+ Kg2 63. Kc3 Kg1 64. Kd3 g2 65. Ke3 Kf1 66. Qf6+ Kg1 67. Kf3 Kh2 68. Qh4+ Kg1 69. Qf2+ Kh1 70. Qxg2# 1-0

[Event "Mecklenburg VP-ch U16"]
[Site "Malchow"]
[Date "2019.02.02"]
[Round "1.4"]
[White "Gazizov, Max"]
[Black "Lange, Antonius"]
[Result "1-0"]
[WhiteElo "1670"]
[BlackElo "1367"]
[PlyCount "91"]
[EventDate "2019.02.02"]
[EventType "swiss"]
[EventRounds "7"]
[EventCountry "GER"]
[SourceTitle "EXT 2022"]
[Source "ChessBase"]
[SourceDate "2021.10.06"]
[SourceVersion "1"]
[SourceVersionDate "2021.10.06"]
[SourceQuality "1"]

1. d4 d5 2. c4 e6 3. Nc3 c6 4. e3 f5 5. Bd3 Nf6 6. Nge2 Bd6 7. f3 0-0 8. 0-0 Nbd7 9. cxd5 Nxd5 10. e4 Nxc3 11. bxc3 fxe4 12. fxe4 Rxf1+ 13. Qxf1 Nc5 14. Bc2 Nxe4 15. Bxe4 Qh4 16. Bf4 Bxf4 17. Qxf4 Qxf4 18. Nxf4 Bd7 19. Nd3 Re8 20. a4 g6 21. a5 a6 22. Rb1 Bc8 23. Ne5 Re7 24. Kf2 Kg7 25. Nd3 Kf6 26. Ke3 Rc7 27. Rf1+ Kg7 28. Rf2 Re7 29. h4 Rc7 30. Kf4 Kf6 31. g4 h6 32. g5+ hxg5+ 33. Kg4+ Kg7 34. Kxg5 Re7 35. Rf6 Bd7 36. Rxg6+ Kh8 37. Ne5 Be8 38. Kf6 Rh7 39. Rg4 Rc7 40. Bg6 Bxg6 41. Nxg6+ Kh7 42. Rg5 Kh6 43. Nf4 Kh7 44. Nxe6 Rd7 45. Rg7+ Rxg7 46. Nxg7 1-0

[Event "Mecklenburg VP-ch U14"]
[Site "Malchow"]
[Date "2018.02.07"]
[Round "1.1"]
[White "Fromm, Marius"]
[Black "Lange, Antonius"]
[Result "1-0"]
[WhiteElo "1938"]
[BlackElo "1249"]
[PlyCount "71"]
[EventDate "2018.02.07"]
[EventType "swiss"]
[EventRounds "7"]
[EventCountry "GER"]
[SourceTitle "EXT 2022"]
[Source "ChessBase"]
[SourceDate "2021.10.06"]
[SourceVersion "1"]
[SourceVersionDate "2021.10.06"]
[SourceQuality "1"]

1. Nf3 d5 2. c4 e6 3. g3 Nf6 4. Bg2 Nc6 5. 0-0 Be7 6. b3 0-0 7. Bb2 Bd7 8. d4 a6 9. Nc3 Rb8 10. Rc1 Bb4 11. a3 Bxc3 12. Bxc3 b5 13. cxd5 Nxd5 14. Bb2 Nce7 15. e4 Nb6 16. Ne5 c6 17. Qd2 f6 18. Nd3 Bc8 19. Rfe1 Rb7 20. Nc5 Rc7 21. Qa5 Na8 22. Bh3 Qd6 23. e5 Qd5 24. Bg2 Qd8 25. Nxa6 Bxa6 26. Qxa6 Qc8 27. Qxc8 Rcxc8 28. exf6 Rxf6 29. d5 Rff8 30. Rxe6 Nxd5 31. Rexc6 Rxc6 32. Bxd5+ Kh8 33. Rxc6 Rb8 34. Be5 Re8 35. h4 h6 36. Rxh6# 1-0

[Event "Mecklenburg VP-ch Youth"]
[Site "Malchow"]
[Date "2017.02.16"]
[Round "1.1"]
[White "Lange, Antonius"]
[Black "Fromm, Marius"]
[Result "0-1"]
[WhiteElo "1188"]
[BlackElo "1750"]
[PlyCount "84"]
[EventDate "2017.02.08"]
[EventType "swiss"]
[EventRounds "7"]
[EventCountry "GER"]
[SourceTitle "EXT 2022"]
[Source "ChessBase"]
[SourceDate "2021.10.06"]
[SourceVersion "1"]
[SourceVersionDate "2021.10.06"]
[SourceQuality "1"]

1. e4 c5 2. Nf3 d6 3. Nc3 Nf6 4. d3 Nc6 5. Be2 g6 6. Bg5 Bg7 7. 0-0 a6 8. a4 0-0 9. Re1 Bd7 10. b3 Ng4 11. Qd2 Qa5 12. d4 cxd4 13. Nb1 Qxd2 14. Nbxd2 d3 15. Ra2 dxe2 16. Rxe2 h6 17. Bf4 Nb4 18. Ra3 Bb2 19. Nc4 Bxa3 20. Nxa3 g5 21. Bg3 b5 22. c3 Nd3 23. h3 Nge5 24. Nxe5 Nxe5 25. Bxe5 dxe5 26. axb5 axb5 27. Nc2 Ra2 28. Kf1 Be6 29. f3 Bxb3 30. Ne3 Bc4 31. Nxc4 Rxe2 32. Kxe2 bxc4 33. Ke3 Rd8 34. g4 Rd3+ 35. Kf2 Rxc3 36. Ke2 Rd3 37. Kf2 c3 38. Ke2 Rd8 39. Kf2 c2 40. Ke2 c1Q 41. Kf2 Rd2+ 42. Kg3 Qg1# 0-1

[Event "Mecklenburg VP-ch Youth"]
[Site "Malchow"]
[Date "2017.02.16"]
[Round "3.9"]
[White "Lange, Antonius"]
[Black "Hampe, Arwen"]
[Result "0-1"]
[WhiteElo "1188"]
[BlackElo "1057"]
[PlyCount "112"]
[EventDate "2017.02.08"]
[EventType "swiss"]
[EventRounds "7"]
[EventCountry "GER"]
[SourceTitle "EXT 2022"]
[Source "ChessBase"]
[SourceDate "2021.10.06"]
[SourceVersion "1"]
[SourceVersionDate "2021.10.06"]
[SourceQuality "1"]

1. e4 e5 2. Nf3 Nc6 3. Bc4 Nf6 4. d3 d5 5. exd5 Nxd5 6. 0-0 Be6 7. Na3 Bxa3 8. bxa3 Nc3 9. Qd2 Bxc4 10. Qxc3 Be6 11. Nxe5 Nd4 12. Qd2 Qd6 13. Nf3 Nxf3+ 14. gxf3 Bh3 15. Re1+ Kf8 16. Qb4 c5 17. Qf4 Qxf4 18. Bxf4 h6 19. Re2 Rd8 20. Rae1 Be6 21. Ra1 Rd4 22. Re4 Rxe4 23. fxe4 Ke7 24. Rb1 b6 25. Rb2 Rd8 26. Kf1 g5 27. Bg3 Rd4 28. Ke2 Ra4 29. c4 Rxa3 30. Kd2 f5 31. f3 g4 32. fxg4 fxe4 33. dxe4 Bxc4 34. Rc2 Rxa2 35. Rxa2 Bxa2 36. Kc3 Bb1 37. e5 Be4 38. Bf4 Ke6 39. Bxh6 Kxe5 40. g5 Kd5 41. h4 Bg6 42. Bg7 b5 43. Bf6 b4+ 44. Kb3 Be8 45. Bg7 a5 46. Bf6 c4+ 47. Kc2 Bg6+ 48. Kb2 Kc5 49. Be7+ Kb5 50. Bf6 Ka4 51. Be5 c3+ 52. Kc1 Kb3 53. Kd1 a4 54. Kc1 a3 55. Bf6 a2 56. Bg7 a1Q# 0-1

[Event "Mecklenburg VP-ch Youth"]
[Site "Malchow"]
[Date "2017.02.16"]
[Round "6.9"]
[White "Lange, Antonius"]
[Black "Pfennigschmidt, Lennart Ivo"]
[Result "0-1"]
[WhiteElo "1188"]
[BlackElo "1144"]
[PlyCount "104"]
[EventDate "2017.02.08"]
[EventType "swiss"]
[EventRounds "7"]
[EventCountry "GER"]
[SourceTitle "EXT 2022"]
[Source "ChessBase"]
[SourceDate "2021.10.06"]
[SourceVersion "1"]
[SourceVersionDate "2021.10.06"]
[SourceQuality "1"]

1. e4 e5 2. Nf3 Nc6 3. Bc4 Bc5 4. d3 Nf6 5. Nc3 b6 6. Bg5 h6 7. Bh4 Bb7 8. Nd5 g5 9. Nxf6+ Qxf6 10. Bg3 0-0-0 11. Qd2 d6 12. c3 a5 13. a3 a4 14. Bb5 Ne7 15. Bxa4 Ng6 16. b4 g4 17. Ng1 h5 18. h4 b5 19. Bxb5 Ba7 20. Ne2 d5 21. exd5 Bxd5 22. Rh2 e4 23. d4 Qb6 24. Ba4 f5 25. Nf4 Bb7 26. Nxg6 Qxg6 27. Bf4 c5 28. Bg5 Rd5 29. bxc5 Bxc5 30. Bb3 Rd6 31. Be7 Rd7 32. Bxc5 g3 33. Rh3 gxf2+ 34. Qxf2 Rg7 35. g3 Re8 36. Qe3 Qg4 37. Rh2 f4 38. Qxf4 Qxf4 39. gxf4 Rg1+ 40. Ke2 Rxa1 41. Ke3 Rc1 42. Bb4 Kc7 43. Bc2 Rg1 44. Ba5+ Kd6 45. c4 Rg3+ 46. Ke2 Ba6 47. Bb4+ Kc7 48. Ba4 Bxc4+ 49. Kd2 Ra8 50. Bd1 Rd3+ 51. Kc2 Bb3+ 52. Kb2 Bxd1 0-1

[Event "Steinfurt Bezirksliga 1516"]
[Site "Germany"]
[Date "2015.09.19"]
[Round "1.6"]
[White "Ortmeier, Leonhard"]
[Black "Lange, Antonius"]
[Result "1-0"]
[WhiteElo "1787"]
[BlackElo "1508"]
[PlyCount "36"]
[EventDate "2015.09.19"]
[EventType "team-tourn"]
[EventRounds "9"]
[EventCountry "GER"]
[SourceTitle "EXT 2017"]
[Source "ChessBase"]
[SourceDate "2016.10.25"]
[SourceVersion "1"]
[SourceVersionDate "2016.10.25"]
[SourceQuality "1"]
[WhiteTeam "Emsdetten Rochade III"]
[BlackTeam "Emsdetten Rochade IV"]
[WhiteTeamCountry "GER"]
[BlackTeamCountry "GER"]

1. e4 e5 2. Nf3 Nc6 3. Bc4 Nf6 4. d4 exd4 5. e5 Bb4+ 6. c3 dxc3 7. bxc3 Qe7 8. 0-0 d5 9. exf6 Qxf6 10. Bg5 Qd6 11. Bxd5 Bc5 12. Re1+ Be6 13. Qb3 Na5 14. Qa4+ Kf8 15. Bxe6 fxe6 16. Qxa5 h6 17. Bc1 Rd8 18. Qxc5 Kf7 1-0

[Event "Steinfurt Bezirksliga 1415"]
[Site "Germany"]
[Date "2014.11.08"]
[Round "3.6"]
[White "Lange, Antonius"]
[Black "Pohlmeier, Ulrich"]
[Result "0-1"]
[WhiteElo "1523"]
[BlackElo "1605"]
[PlyCount "80"]
[EventDate "2014.09.06"]
[EventType "team-tourn"]
[EventRounds "9"]
[EventCountry "GER"]
[SourceTitle "EXT 2016"]
[Source "ChessBase"]
[SourceDate "2015.10.08"]
[SourceVersion "1"]
[SourceVersionDate "2015.10.08"]
[SourceQuality "1"]
[WhiteTeam "Emsdetten Turm III"]
[BlackTeam "Rheine Klein Berlin II"]
[WhiteTeamCountry "GER"]
[BlackTeamCountry "GER"]

1. d4 d6 2. e4 g6 3. Nf3 Bg7 4. Nc3 Nd7 5. g3 c5 6. Be3 a6 7. a4 Ngf6 8. Bg2 Qc7 9. 0-0 0-0 10. Re1 Rb8 11. Bg5 h6 12. Bxf6 Nxf6 13. e5 dxe5 14. dxe5 Rd8 15. Qe2 Nd5 16. Nxd5 Rxd5 17. Rad1 Rxd1 18. Rxd1 Bg4 19. Re1 Qd7 20. c3 Qxa4 21. h3 Be6 22. Rd1 b5 23. Qe1 Qa5 24. Ra1 Qb6 25. Qe3 a5 26. Nd2 a4 27. f4 c4 28. Qxb6 Rxb6 29. Nf3 f6 30. exf6 Bxf6 31. Rd1 a3 32. Nd4 a2 33. Nc6 b4 34. Nxb4 Rxb4 35. cxb4 Bxb2 36. Rd8+ Kf7 37. Ra8 a1Q+ 38. Rxa1 Bxa1 39. Kf1 c3 40. Ke2 Bb2 0-1

[Event "Steinfurt Bezirksliga 1314"]
[Site "Germany"]
[Date "2013.10.19"]
[Round "2.7"]
[White "Koelking, Helmut"]
[Black "Lange, Antonius"]
[Result "0-1"]
[WhiteElo "1371"]
[BlackElo "1538"]
[PlyCount "110"]
[EventDate "2013.09.14"]
[EventType "team-tourn"]
[EventRounds "9"]
[EventCountry "GER"]
[SourceTitle "EXT 2015"]
[Source "ChessBase"]
[SourceDate "2014.11.20"]
[SourceVersion "1"]
[SourceVersionDate "2014.11.20"]
[SourceQuality "1"]
[WhiteTeam "Steinfurt III"]
[BlackTeam "Emsdetten Turm III"]
[WhiteTeamCountry "GER"]
[BlackTeamCountry "GER"]

1. d4 d5 2. Nf3 Nf6 3. g3 c6 4. Bg2 Nbd7 5. Nbd2 e6 6. 0-0 Bd6 7. c4 b6 8. cxd5 cxd5 9. Re1 Bb7 10. a3 Rc8 11. b4 0-0 12. Bb2 h6 13. Rc1 b5 14. Nb3 Nb6 15. Nc5 Bxc5 16. dxc5 Nc4 17. Bd4 a6 18. Ra1 Re8 19. Ne5 Nd7 20. Nxc4 bxc4 21. a4 Bc6 22. Qc2 Rb8 23. Qb2 e5 24. Bc3 Qc7 25. e3 Nxc5 26. Qc2 Nd3 27. Red1 e4 28. Rab1 Qd7 29. b5 axb5 30. axb5 Bxb5 31. Qe2 Ba4 32. Rxb8 Rxb8 33. Rf1 Rb3 34. Bd4 Qc7 35. Qg4 Ne5 36. Qf4 f6 37. Bh3 Nf3+ 38. Kg2 Qxf4 39. gxf4 Kf7 40. Ra1 Bc6 41. Ra7+ Rb7 42. Ra6 Bd7 43. Bxd7 Rxd7 44. Ra7 Rxa7 45. Bxa7 c3 46. Bc5 c2 47. Ba3 Ne1+ 48. Kf1 Nd3 49. Ke2 c1Q 50. Bxc1 Nxc1+ 51. Kd2 Nd3 52. f3 Nxf4 53. exf4 exf3 54. Ke3 Ke6 55. Kxf3 Kf5 0-1

[Event "Steinfurt Bezirksklasse 1112"]
[Site "Germany"]
[Date "2011.10.15"]
[Round "2.6"]
[White "Lange, Antonius"]
[Black "Gutjahr, Vladimir"]
[Result "1/2-1/2"]
[WhiteElo "1592"]
[BlackElo "1327"]
[PlyCount "67"]
[EventDate "2011.09.24"]
[EventType "team-tourn"]
[EventRounds "9"]
[EventCountry "GER"]
[SourceTitle "EXT 2013"]
[Source "ChessBase"]
[SourceDate "2012.11.22"]
[SourceVersion "1"]
[SourceVersionDate "2012.11.22"]
[SourceQuality "1"]
[WhiteTeam "Emsdetten Turm III"]
[BlackTeam "Steinfurt IV"]
[WhiteTeamCountry "GER"]
[BlackTeamCountry "GER"]

1. d4 d5 2. c4 e6 3. e3 Nf6 4. Nc3 c6 5. Nf3 Nbd7 6. Bd3 dxc4 7. Bxc4 Nb6 8. Bb3 Qc7 9. e4 Bd7 10. e5 Nfd5 11. 0-0 Be7 12. Bg5 Qd8 13. Ne4 0-0 14. Bxe7 Qxe7 15. Nd6 Rab8 16. Qd2 Nc8 17. Ne4 h6 18. a3 Qd8 19. Bc2 f5 20. exf6 Nxf6 21. Nxf6+ Qxf6 22. Ne5 Be8 23. Qd3 Qf5 24. Qc4 Qf6 25. Bb3 Nb6 26. Qxe6+ Kh8 27. Qg4 Rd8 28. Rad1 Nd5 29. Bc2 Nf4 30. Rd2 c5 31. g3 Ne6 32. Qe4 Ng5 33. Qe3 cxd4 34. Qe2 1/2-1/2

[Event "NRW Class2 0910"]
[Site "Germany"]
[Date "2010.03.21"]
[Round "8.8"]
[White "Lange, Antonius"]
[Black "Franke, Norbert"]
[Result "1-0"]
[WhiteElo "1579"]
[BlackElo "1704"]
[PlyCount "55"]
[EventDate "2009.09.20"]
[EventType "team-tourn"]
[EventRounds "9"]
[EventCountry "GER"]
[SourceTitle "EXT 2011"]
[Source "ChessBase"]
[SourceDate "2010.11.26"]
[SourceVersion "1"]
[SourceVersionDate "2010.11.26"]
[SourceQuality "1"]
[WhiteTeam "Emsdetten Turm II"]
[BlackTeam "Bochum SG II"]
[WhiteTeamCountry "GER"]
[BlackTeamCountry "GER"]

1. d4 d5 2. c4 e6 3. Nc3 Nf6 4. e3 Bb4 5. Bd2 b6 6. Bd3 0-0 7. Nf3 Nc6 8. 0-0 Re8 9. Re1 e5 10. dxe5 Nxe5 11. Nxe5 Rxe5 12. a3 Bd6 13. cxd5 Nxd5 14. e4 Nf6 15. Bf4 Bg4 16. Qc2 Re7 17. e5 Qe8 18. Ne4 Nxe4 19. Bxe4 Bxe5 20. Bd2 g6 21. Bxa8 Qxa8 22. Bc3 Qe8 23. Qd2 Bf5 24. Rad1 c5 25. Qd8 Bc2 26. Qxe8+ Rxe8 27. Rc1 Be4 28. Bxe5 1-0

[Event "Muensterland Verbandsklasse-A 0607"]
[Site "Germany"]
[Date "2007.03.24"]
[Round "7.8"]
[White "Lange, Antonius"]
[Black "Hoffmann, Klaus Peter"]
[Result "1-0"]
[WhiteElo "1637"]
[BlackElo "1600"]
[PlyCount "55"]
[EventDate "2006.09.23"]
[EventType "team"]
[EventRounds "9"]
[EventCountry "GER"]
[SourceTitle "EXT 2008"]
[Source "ChessBase"]
[SourceDate "2007.11.25"]
[SourceVersion "1"]
[SourceVersionDate "2007.11.25"]
[SourceQuality "1"]
[WhiteTeam "Emsdetten Turm III"]
[BlackTeam "Duelmen"]
[WhiteTeamCountry "GER"]
[BlackTeamCountry "GER"]

1. d4 Nf6 2. c4 g6 3. Nf3 d5 4. e3 Bg7 5. Nc3 0-0 6. Qc2 c6 7. Bd3 b6 8. e4 dxe4 9. Nxe4 Nxe4 10. Bxe4 Bxd4 11. Nxd4 Qxd4 12. Be3 Qf6 13. 0-0-0 e5 14. h4 Na6 15. Bg5 Qe6 16. Bh6 Re8 17. h5 Nc5 18. hxg6 fxg6 19. Bg5 Nxe4 20. Qxe4 Qg4 21. Qxc6 Qxg5+ 22. Kb1 Bf5+ 23. Ka1 Rac8 24. Qa4 Qxg2 25. Qxa7 Ra8 26. Qxh7+ Kf8 27. Rd6 Re6 28. Rd7 1-0

[Event "Muensterland Verbandsklasse-A 0607"]
[Site "Germany"]
[Date "2007.01.20"]
[Round "5.7"]
[White "Silies, Juergen"]
[Black "Lange, Antonius"]
[Result "1/2-1/2"]
[WhiteElo "1755"]
[BlackElo "1637"]
[PlyCount "35"]
[EventDate "2006.09.23"]
[EventType "team"]
[EventRounds "9"]
[EventCountry "GER"]
[SourceTitle "EXT 2008"]
[Source "ChessBase"]
[SourceDate "2007.11.25"]
[SourceVersion "1"]
[SourceVersionDate "2007.11.25"]
[SourceQuality "1"]
[WhiteTeam "Ibbenbueren"]
[BlackTeam "Emsdetten Turm III"]
[WhiteTeamCountry "GER"]
[BlackTeamCountry "GER"]

1. f4 e6 2. Nf3 d5 3. e3 Nf6 4. b3 b6 5. Bb2 Bb7 6. Be2 Nbd7 7. 0-0 c6 8. Qe1 Qc7 9. d3 Ng4 10. Bd1 h5 11. h3 Ngf6 12. Nbd2 Bd6 13. d4 Ne4 14. c4 Nxd2 15. Nxd2 0-0-0 16. Rc1 c5 17. cxd5 Bxd5 18. e4 1/2-1/2

[Event "Muensterland Verbandsklasse-A 0607"]
[Site "Germany"]
[Date "2006.11.18"]
[Round "3.7"]
[White "Wichmann, Norbert"]
[Black "Lange, Antonius"]
[Result "1/2-1/2"]
[WhiteElo "1757"]
[BlackElo "1637"]
[PlyCount "48"]
[EventDate "2006.09.23"]
[EventType "team"]
[EventRounds "9"]
[EventCountry "GER"]
[SourceTitle "EXT 2008"]
[Source "ChessBase"]
[SourceDate "2007.11.25"]
[SourceVersion "1"]
[SourceVersionDate "2007.11.25"]
[SourceQuality "1"]
[WhiteTeam "Muenster Indische Dame"]
[BlackTeam "Emsdetten Turm III"]
[WhiteTeamCountry "GER"]
[BlackTeamCountry "GER"]

1. d4 d5 2. Nf3 Nf6 3. c4 e6 4. e3 c6 5. Nbd2 Bb4 6. a3 Ba5 7. b4 Bc7 8. Bb2 Nbd7 9. Qc2 a5 10. Bd3 axb4 11. axb4 Rxa1+ 12. Bxa1 dxc4 13. Qxc4 Nb6 14. Qb3 Qd6 15. Bb2 Nbd5 16. b5 Qb4 17. Ba3 Qxb3 18. Nxb3 Nc3 19. bxc6 bxc6 20. Bb4 Ncd5 21. Ba5 0-0 22. e4 Bxa5+ 23. Nxa5 Nb4 24. Ke2 Nxd3 1/2-1/2

[Event "NRW Class2 0506"]
[Site "Germany"]
[Date "2006.05.07"]
[Round "9.8"]
[White "Lange, Antonius"]
[Black "Weber, Thomas"]
[Result "0-1"]
[WhiteElo "1622"]
[BlackElo "1799"]
[PlyCount "42"]
[EventDate "2005.09.25"]
[EventType "team"]
[EventRounds "9"]
[EventCountry "GER"]
[SourceTitle "EXT 2006"]
[Source "ChessBase"]
[SourceDate "2005.11.24"]
[SourceVersion "1"]
[SourceVersionDate "2005.11.24"]
[SourceQuality "1"]
[WhiteTeam "Emsdetten Turm II"]
[BlackTeam "Duesseldorf"]
[WhiteTeamCountry "GER"]
[BlackTeamCountry "GER"]

1. d4 f5 2. c4 Nf6 3. Nc3 d6 4. Nf3 g6 5. e3 Bg7 6. Bd3 0-0 7. 0-0 Qe8 8. Re1 e5 9. dxe5 dxe5 10. e4 f4 11. Nd5 Na6 12. Nxe5 Qxe5 13. Bxf4 Qxb2 14. Nxc7 Nxc7 15. Bxc7 Ng4 16. Be2 Nxf2 17. Qd5+ Kh8 18. e5 Bg4 19. Bf3 Rxf3 20. gxf3 Nh3+ 21. Kh1 Nf4 0-1

[Event "Muensterland Verbandsklasse-A 0405"]
[Site "Muensterland"]
[Date "2005.01.22"]
[Round "5.7"]
[White "Lange, Antonius"]
[Black "Langendijk, Andre"]
[Result "0-1"]
[WhiteElo "1614"]
[BlackElo "1893"]
[PlyCount "62"]
[EventDate "2004.09.11"]
[EventType "team"]
[EventRounds "9"]
[EventCountry "GER"]
[SourceTitle "EXT 2006"]
[Source "ChessBase"]
[SourceDate "2005.11.24"]
[SourceVersion "1"]
[SourceVersionDate "2005.11.24"]
[SourceQuality "1"]
[WhiteTeam "Emsdetten Turm III"]
[BlackTeam "Gronau"]
[WhiteTeamCountry "GER"]
[BlackTeamCountry "GER"]

1. d4 Nf6 2. c4 e5 3. Nc3 exd4 4. Qxd4 Nc6 5. Qd1 Bc5 6. Nf3 0-0 7. e3 d6 8. a3 a5 9. h3 Re8 10. Bd3 Ne5 11. Nxe5 Rxe5 12. b3 Bd7 13. Nd5 Nxd5 14. cxd5 Qg5 15. Qf3 Rxd5 16. e4 Qe5 17. Rb1 Rxd3 18. Qxd3 Bb5 19. Qc2 Re8 20. b4 Qxe4+ 21. Qxe4 Rxe4+ 22. Be3 axb4 23. axb4 Bxb4+ 24. Kd1 f6 25. g4 d5 26. Rg1 c5 27. g5 f5 28. Bd2 Ba4+ 29. Kc1 Rc4+ 30. Kb2 Rc2+ 31. Ka1 Rxd2 0-1

[Event "Steinfurt Bezirksliga 0304"]
[Site "Germany"]
[Date "2004.05.08"]
[Round "8.3"]
[White "Lange, Antonius"]
[Black "Muhmann, Reinhard"]
[Result "1/2-1/2"]
[WhiteElo "1638"]
[BlackElo "1518"]
[PlyCount "91"]
[EventDate "2003.10.18"]
[EventType "team-tourn"]
[EventRounds "9"]
[EventCountry "GER"]
[SourceTitle "EXT 2005"]
[Source "ChessBase"]
[SourceDate "2004.11.15"]
[SourceVersion "1"]
[SourceVersionDate "2004.11.15"]
[SourceQuality "1"]
[WhiteTeam "Emsdetten Turm IV"]
[BlackTeam "Emsdetten Rochade III"]
[WhiteTeamCountry "GER"]
[BlackTeamCountry "GER"]

1. d4 e6 2. c4 d5 3. Nc3 Bb4 4. e3 Nf6 5. Bd2 0-0 6. Nf3 Nc6 7. Bd3 Re8 8. 0-0 Bxc3 9. Bxc3 Ne4 10. Qc2 f5 11. Ne5 Nxe5 12. dxe5 b6 13. Rad1 Bb7 14. f4 Qh4 15. Be1 Qg4 16. Be2 Qg6 17. cxd5 Bxd5 18. Bf3 c5 19. b3 Red8 20. Qe2 Qf7 21. g3 Rd7 22. Qg2 Rad8 23. g4 Bb7 24. Rxd7 Rxd7 25. Qe2 fxg4 26. Bxe4 Bxe4 27. Qxg4 Qg6 28. h3 Bf5 29. Qxg6 Bxg6 30. Bh4 Bf5 31. Kg2 Rd2+ 32. Rf2 Rxf2+ 33. Bxf2 Bb1 34. a3 Ba2 35. b4 cxb4 36. axb4 a5 37. b5 Bc4 38. e4 Bxb5 39. Bxb6 a4 40. Bc5 Kf7 41. Kf3 Bc6 42. Ke3 h6 43. f5 g5 44. Kd3 h5 45. Ke3 g4 46. hxg4 1/2-1/2